The Pancatantra: The Book of India's Folk Wisdom (Record no. 20976)

MARC details
000 -LEADER
fixed length control field 00388nam a22001457a 4500
020 ## - INTERNATIONAL STANDARD BOOK NUMBER
ISBN 978-0-19-955575-8
082 ## - DEWEY DECIMAL CLASSIFICATION NUMBER
Classification number 891.23 OLI
100 ## - MAIN ENTRY--AUTHOR NAME
Author name Olivelle, Patrick (Tr)
245 ## - TITLE STATEMENT
Title The Pancatantra: The Book of India's Folk Wisdom
260 ## - PUBLICATION, DISTRIBUTION, ETC. (IMPRINT)
Place of publication Oxford
Name of publisher Oxford University Press
Year of publication 1997
300 ## - PHYSICAL DESCRIPTION
Number of Pages 195
650 ## - SUBJECT ADDED ENTRY--TOPICAL TERM
Topical Term Panchatantra
-- Folk stories-Indian
942 ## - ADDED ENTRY ELEMENTS (KOHA)
Koha item type Books
Holdings
Home library Current library Shelving location Date acquired Source of acquisition Cost, normal purchase price Full call number Accession Number Koha item type
Henry Martyn Institute Library Henry Martyn Institute Library General stacks 05/04/2018 Director 385.00 891.23 OLI 024210 Books
                   Copyright © 2026 | Henry Martyn Institute | Hyderabad | TS-500052 | INDIA | Implemented by hmi.edu.in
Hit-Count:

Powered by Koha